Normal view
MARC view
- GEORGE, K. O
Entry Personal Name
001 - CONTROL NUMBER
- control field: 2996
003 - CONTROL NUMBER IDENTIFIER
- control field: OSt
005 - DATE AND TIME OF LATEST TRANSACTION
- control field: 20180303135355.0
008 - FIXED-LENGTH DATA ELEMENTS
- fixed length control field: 180303|| aca||aabn | a|a d
040 ## - CATALOGING SOURCE
- Original cataloging agency: OSt
- Transcribing agency: OSt
100 ## - HEADING--PERSONAL NAME
- Personal name: GEORGE, K. O
670 ## - SOURCE DATA FOUND
- Source citation: Work cat.: (OSt): GEORGE, K. O, Development of an electric cum solar oven and study of its performance , 1991
